Eliminating corporal punishment: a human rights imperative for Europe's children

Saved in:  
Bibliographic Details
Corporate Author: Europarat (Other)
Format: Print Book
Language:English
Published: Strasbourg Council of Europe Publ. 2005
In:Year: 2005
Availability in Tübingen:Present in Tübingen.
UB: KB 9 E 622
Check availability: HBZ Gateway
Subito Delivery Service: Order now.
Keywords:

MARC

LEADER 00000cam a2200000 c 4500
001 1623509505
003 DE-627
005 20251129022400.0
007 tu
008 060313s2005 xx ||||| 00| ||eng c
020 |a 9287158827  |9 92-871-5882-7 
024 3 |a 9789287158826 
035 |a (DE-627)1623509505 
035 |a (DE-576)251860760 
035 |a (DE-599)BSZ251860760 
035 |a (OCoLC)62885945 
040 |a DE-627  |b ger  |c DE-627  |e rakwb 
041 |a eng 
245 0 0 |a Eliminating corporal punishment  |b a human rights imperative for Europe's children  |c [Council of Europe] 
264 1 |a Strasbourg  |b Council of Europe Publ.  |c 2005 
300 |a 220 S. 
336 |a Text  |b txt  |2 rdacontent 
337 |a ohne Hilfsmittel zu benutzen  |b n  |2 rdamedia 
338 |a Band  |b nc  |2 rdacarrier 
689 0 0 |d g  |0 (DE-588)4015701-5  |0 (DE-627)104289007  |0 (DE-576)208913092  |a Europa  |2 gnd 
689 0 1 |d s  |0 (DE-588)4014516-5  |0 (DE-627)106339788  |0 (DE-576)208908218  |a Eltern  |2 gnd 
689 0 2 |d s  |0 (DE-588)4191074-6  |0 (DE-627)105244880  |0 (DE-576)21007101X  |a Züchtigungsrecht  |2 gnd 
689 0 3 |d s  |0 (DE-588)4200586-3  |0 (DE-627)105172553  |0 (DE-576)210136537  |a Abschaffung  |2 gnd 
689 0 |5 (DE-627) 
710 2 |a Europarat  |0 (DE-588)36821-0  |0 (DE-627)10084457X  |0 (DE-576)190348828  |4 oth 
951 |a BO 
ELC |b 1 
LOK |0 000 xxxxxcx a22 zn 4500 
LOK |0 001 3251327313 
LOK |0 003 DE-627 
LOK |0 004 1623509505 
LOK |0 005 20060427144115 
LOK |0 008 060313||||||||||||||||ger||||||| 
LOK |0 040   |a DE-21  |c DE-627  |d DE-21 
LOK |0 852   |a DE-21 
LOK |0 852 1  |c KB 9 E 622  |9 00 
LOK |0 935   |a krim 
LOK |0 936ln  |a k5.6.6 
LOK |0 938   |l 10/04/06  |8 6 
LOK |0 939   |a 13-03-06  |b l01 
ORI |a SA-MARC-krimdoka001.raw 
SIG |a UB: KB 9 E 622